000 00953cam a2200301 i 4500
999 _c7130
_d7130
001 7130
003 BD-JhCC
005 20180517082322.0
008 130702s2013 nyua 001 0 eng
020 _a9780486497297 (pbk.)
020 _a0486497291 (pbk.)
035 _a(BD-JhCC)
040 _aDLC
_cDLC
_erda
_dBD-JhCC
041 _aeng
050 0 0 _aQA154
_b.H15 2013
082 0 0 _a512
_223
_bHAF 1963
100 1 _aHafstrom, John Edward.
245 1 0 _aBasic concepts in modern mathematics /
_cJohn Edward Haftrom.
246 3 0 _aModern mathematics
250 _aDover edition.
300 _ax, 195 pages :
_billustrations ;
_c24 cm.
490 0 _aDover books on mathematics
500 _a"Dover (2013) republication of the edition originally published by the Addison-Wesley Publishing Company, Inc., Reading, Massachusetts, 1961"--Page 4 of cover.
650 0 _aAlgebra.
650 0 _aMathematics
942 _2ddc
_cBK